000 00690nam a2200265Ia 4500
003 OSt
005 20221006151116.0
006 a|||||r|||| 00| 0
007 ta
008 221006b |||||||| |||| 00| 0 jpn d
020 _c¥440
024 _a20,955
037 _bGift, Japan Foundation
_cTextual
040 _aEASL
_cEASL
_bjpn
041 _2jpn
_ajpn
082 _a1008152
100 _aYAMAMOTO Shugoro
_9154222
245 0 _aOgosokana Kawaki
260 _aTokyo
_bShincho Bunko Japan
_c1971
300 _a407p.
_ccm.
490 _v JL
650 _aJL
942 _h1008152
_cTEXL
_2CC
999 _c1089041
_d1089041